000 00760nam a2200181Ia 4500
008 100920s9999 xx 000 0 und d
082 _b97160
_a51 न 06
100 _aअनु. पटवर्धन सीताराम पुरुषोत्तम.
245 _aसत्याचे प्रयोग अथवा आत्मकथा.
260 _bनवजीवन प्रकाशन अहमदाबाद.
_c2006
300 _a488
_bसाधी
365 _b30
520 _aचरित्र.
630 _aसत्याचे प्रयोग अथवा आत्मकथा.
650 _aचरित्र.
730 _aसत्याचे प्रयोग अथवा आत्मकथा.
942 _cBOOK
999 _c737599
_d737596